Normal view MARC view

Entry Personal Name

Number of records used in: 1

001 - CONTROL NUMBER

  • control field: 459

003 - CONTROL NUMBER IDENTIFIER

  • control field: OSt

005 - DATE AND TIME OF LATEST TRANSACTION

  • control field: 20211105132148.0

008 - FIXED-LENGTH DATA ELEMENTS

  • fixed length control field: 211105|| aca||aabn | a|a d

040 ## - CATALOGING SOURCE

  • Original cataloging agency: OSt
  • Transcribing agency: OSt

100 ## - HEADING--PERSONAL NAME

  • Personal name: Sykes, William Henry

670 ## - SOURCE DATA FOUND

  • Source citation: Work cat.: (OSt): Sykes, William Henry, Discussion of meteorological observations taken in India, at various heights, embracing those at Dodabetta on the Neelgherry mountains, at 8640 feet above the level of the sea, 1850

Powered by Koha